| Tag |
First Indicator |
Second Indicator |
Subfields |
| LEADER |
00000cam a2200000 4500 |
| 001 |
in00000021991 |
| 005 |
20151007063823.0 |
| 008 |
781130s1937 ag 00001 spa |
| 010 |
|
|
|a 37023288
|
| 035 |
|
|
|a (OCoLC)04407519
|
| 035 |
|
|
|9 AAD8334AM
|
| 040 |
|
|
|a DLC
|c LDL
|d TXA
|d UtOrBLW
|
| 049 |
|
|
|a TXAM
|c [81778]
|
| 050 |
0 |
0 |
|a PQ7797.E83
|b T7
|
| 051 |
|
|
|c Copy 2.
|
| 082 |
0 |
|
|a 863.6
|
| 092 |
|
|
|a 863
|b G984t
|
| 100 |
1 |
|
|a Gutierrez, Fermin Estrella.
|
| 245 |
1 |
0 |
|a Tropico :
|b novela.
|
| 264 |
|
1 |
|a Buenos Aires (etc.) :
|b ["Sociedad amigos del libro rioplatense,"],
|c [1937]
|
| 300 |
|
|
|a 156 pages ;
|c 21 cm.
|
| 336 |
|
|
|a text
|b txt
|2 rdacontent
|
| 337 |
|
|
|a unmediated
|b n
|2 rdamedia
|
| 338 |
|
|
|a volume
|b nc
|2 rdacarrier
|
| 999 |
|
|
|a MARS
|
| 999 |
f |
f |
|s 676c3ce3-29d4-3911-afcb-5237829611fe
|i 69b79398-d512-3e71-8850-798bb1a639f2
|t 0
|
| 952 |
f |
f |
|p ric
|a Texas A&M University
|b Rellis Campus
|c Joint Library Facility
|d Remote Storage
|t 0
|e PQ7797.E83 T7
|h Library of Congress classification
|i unmediated -- volume
|m A14801384323
|
| 998 |
f |
f |
|a PQ7797.E83 T7
|t 0
|l Remote Storage
|